[Event "Tambov Korensky Memorial 21st"]
[Site "Tambov"]
[Date "2012.08.20"]
[Round "3"]
[White "Vyaznikov, Sergey O"]
[Black "Seryogin, Peter V"]
[Result "1/2-1/2"]
[WhiteElo "2280"]
[BlackElo "2245"]
[PlyCount "172"]
[EventDate "2012.08.18"]
[EventType "swiss"]
[EventRounds "9"]
[EventCountry "RUS"]
[SourceTitle "CBM 150 Extra"]
[Source "ChessBase"]
[SourceDate "2012.10.19"]
[SourceVersion "1"]
[SourceVersionDate "2012.10.19"]
[SourceQuality "1"]

1. e4 c5 2. c4 e6 3. Nc3 b6 4. g3 Bb7 5. Bg2 Nf6 6. Nge2 d6 7. 0-0 a6 8. d4 cxd4 9. Nxd4 Qc7 10. Be3 Nbd7 11. Rc1 Be7 12. h3 0-0 13. Qe2 Rac8 14. b3 Qb8 15. f4 Qa8 16. Bf2 Nc5 17. Rfe1 Rfe8 18. g4 d5 19. cxd5 exd5 20. exd5 Bf8 21. Qf3 Red8 22. Re5 Nce4 23. Nc6 Bxc6 24. dxc6 Qxc6 25. Rxe4 Nxe4 26. Kh2 Nxf2 27. Qxc6 Rxc6 28. Bxc6 Bd6 29. Rf1 Nd3 30. Nd5 Rc8 31. Bb7 Rc2+ 32. Kg3 Nc5 33. Re1 g5 34. Nf6+ Kf8 35. Re8+ Kg7 36. Nh5+ Kh6 37. Bd5 f5 38. b4 Bxf4+ 39. Nxf4 gxf4+ 40. Kxf4 Nd3+ 41. Kg3 Nxb4 42. Bb3 Rc3+ 43. Kh4 fxg4 44. hxg4 Kg7 45. Re7+ Kg6 46. Re6+ Kg7 47. Rxb6 a5 48. Rb7+ Kg6 49. Bg8 h6 50. Bh7+ Kf6 51. a4 Nc6 52. Be4 Ne5 53. Rb6+ Kg7 54. Rb5 Nf7 55. Bf5 Ng5 56. Rb7+ Kf6 57. Rb6+ Ke5 58. Rxh6 Kf4 59. Kh5 Nf7 60. Rf6 Rh3+ 61. Kg6 Ne5+ 62. Kg7 Rg3 63. Bc8+ Ke3 64. Ra6 Nxg4 65. Rxa5 Ne5+ 66. Kf6 Nc4 67. Rb5 Kd4 68. Be6 Rf3+ 69. Ke7 Na3 70. Rd5+ Kc3 71. a5 Kb4 72. a6 Nb5 73. Bc8 Rc3 74. Bb7 Rc5 75. Rd1 Ka5 76. Kd8 Kb6 77. Bc8 Rc6 78. Rb1 Rc5 79. Bb7 Ka7 80. Kd7 Rc7+ 81. Ke6 Rc5 82. Rb2 Nc7+ 83. Kd6 Rb5 84. Ra2 Nxa6 85. Bc8 Rb6+ 86. Ke5 Rc6 1/2-1/2

[Event "Tambov Korensky Memorial 21st"]
[Site "Tambov"]
[Date "2012.08.19"]
[Round "2"]
[White "Lomakina, Galja"]
[Black "Vyaznikov, Sergey O"]
[Result "0-1"]
[WhiteElo "2063"]
[BlackElo "2280"]
[PlyCount "84"]
[EventDate "2012.08.18"]
[EventType "swiss"]
[EventRounds "9"]
[EventCountry "RUS"]
[SourceTitle "CBM 150 Extra"]
[Source "ChessBase"]
[SourceDate "2012.10.19"]
[SourceVersion "1"]
[SourceVersionDate "2012.10.19"]
[SourceQuality "1"]

1. g3 d5 2. Bg2 c6 3. Nf3 Bg4 4. 0-0 Nd7 5. b3 e5 6. d3 Bc5 7. Bb2 Qe7 8. c4 Ngf6 9. cxd5 Nxd5 10. Nbd2 0-0 11. a3 f6 12. b4 Bd6 13. b5 cxb5 14. Nxe5 Be6 15. Nxd7 Qxd7 16. Ne4 Be7 17. Qd2 a5 18. Rfc1 b6 19. Nc3 b4 20. Nxd5 Bxd5 21. Rc7 Qxc7 22. Bxd5+ Kh8 23. Bxa8 Rxa8 24. axb4 h6 25. bxa5 bxa5 26. d4 Bb4 27. Qd3 Qd6 28. e4 a4 29. Ba3 Bxa3 30. Rxa3 Qb4 31. Kg2 Rc8 32. d5 Rc4 33. f3 Qb2+ 34. Kh3 Rc2 35. Kg4 h5+ 36. Kf4 g5+ 37. Kf5 Qe5+ 38. Kg6 Rc7 39. Qb5 Rg7+ 40. Kh6 Qc7 41. Rxa4 Rh7+ 42. Kg6 Rh6+ 0-1

[Event "Tambov Korensky Memorial 20th"]
[Site "Tambov"]
[Date "2011.08.25"]
[Round "6"]
[White "Vyaznikov, Sergey O"]
[Black "Kochkin, Alexander G"]
[Result "1/2-1/2"]
[WhiteElo "2306"]
[BlackElo "2296"]
[PlyCount "176"]
[EventDate "2011.08.20"]
[EventType "swiss"]
[EventRounds "9"]
[EventCountry "RUS"]
[SourceTitle "CBM 144 Extra"]
[Source "ChessBase"]
[SourceDate "2011.10.28"]
[SourceVersion "1"]
[SourceVersionDate "2011.10.28"]
[SourceQuality "1"]

1. e4 c5 2. Nc3 Nc6 3. g3 g6 4. Bg2 Bg7 5. Nge2 e6 6. 0-0 Nge7 7. d3 0-0 8. Be3 Nd4 9. Qd2 d6 10. Nd1 Nxe2+ 11. Qxe2 b6 12. f4 Bb7 13. c3 Qd7 14. Bf2 a5 15. Ne3 Rfe8 16. Rfd1 d5 17. e5 Nf5 18. Nxf5 exf5 19. d4 c4 20. Bf3 Qc6 21. g4 Bc8 22. h3 Be6 23. Be3 Qd7 24. Qg2 Red8 25. Kh2 b5 26. a3 Rab8 27. Rg1 Qc6 28. Bd2 Kf8 29. Qf2 Kg8 30. Raf1 Qd7 31. Ra1 Bf8 32. Qg2 Be7 33. Qg3 Kh8 34. g5 Kg8 35. Kg2 Bf8 36. h4 a4 37. h5 Rb7 38. Rh1 Qc6 39. Kf2 Rdd7 40. Rh3 Qc8 41. Qg2 Ra7 42. Rah1 Qc6 43. R1h2 Rac7 44. Qh1 Qb7 45. Ke3 Qa7 46. hxg6 fxg6 47. Rh6 Bxh6 48. gxh6 Qb7 49. Be1 Qc6 50. Rg2 Bf7 51. Rg5 Kf8 52. Bh4 Qe6 53. Bd1 Qe8 54. Qg2 Be6 55. Bc2 Qf7 56. Rg3 Ke8 57. Bf6 Rc8 58. Kd2 Rb7 59. Qh1 Kd7 60. Bd1 Kc6 61. Bc2 Rd7 62. Qd1 Ra8 63. Qe2 Kb6 64. Kc1 Kc6 65. Qh2 Re8 66. Bd1 Rb7 67. Bf3 Rd7 68. Qh4 Rg8 69. Rg1 Rb7 70. Kd2 Rd7 71. Ke3 Rb7 72. Kf2 Rd7 73. Kg3 Rb7 74. Qg5 Rc7 75. Rh1 Rb7 76. Bg7 Rd7 77. Qf6 Qxf6 78. exf6 Bf7 79. Re1 Re8 80. Re5 Re6 81. Kh4 Re8 82. Kg5 Be6 83. Bf8 Bf7 84. Be7 Rc8 85. Bc5 Rb7 86. Re7 Rd7 87. Bg2 Rb7 88. Re5 Rd7 1/2-1/2

[Event "Tambov Korensky Memorial 20th"]
[Site "Tambov"]
[Date "2011.08.23"]
[Round "4"]
[White "Vyaznikov, Sergey O"]
[Black "Balashov, Yuri S"]
[Result "0-1"]
[WhiteElo "2306"]
[BlackElo "2440"]
[PlyCount "124"]
[EventDate "2011.08.20"]
[EventType "swiss"]
[EventRounds "9"]
[EventCountry "RUS"]
[SourceTitle "CBM 144 Extra"]
[Source "ChessBase"]
[SourceDate "2011.10.28"]
[SourceVersion "1"]
[SourceVersionDate "2011.10.28"]
[SourceQuality "1"]

1. d4 Nf6 2. Nf3 g6 3. e3 Bg7 4. b3 0-0 5. Bb2 c5 6. Be2 d5 7. 0-0 cxd4 8. exd4 Nc6 9. Nbd2 Bf5 10. a3 Rc8 11. c4 dxc4 12. bxc4 Ne4 13. Nb3 a5 14. a4 Nb4 15. Nfd2 Ng5 16. Rc1 Bd7 17. Ra1 Ne6 18. Bc3 Nf4 19. Bf3 Qb6 20. Nxa5 Qxa5 21. Qb1 Bf5 22. Qxb4 Qxb4 23. Bxb4 Bxd4 24. Ra3 Rc7 25. Nb3 Bf6 26. c5 Nd3 27. Ba5 Rd7 28. Rb1 Ne5 29. Re1 Nxf3+ 30. gxf3 Rc8 31. Kg2 Be6 32. Bb4 Rd5 33. Nd2 Rg5+ 34. Kf1 Rh5 35. Kg1 Be5 36. Nf1 Bd4 37. Ng3 Bxc5 38. Bxc5 Rhxc5 39. a5 Rc3 40. Rxc3 Rxc3 41. Re3 Rc5 42. Ra3 Bh3 43. Ra1 Rb5 44. f4 Rb4 45. f3 Rxf4 46. Kf2 Rb4 47. Ne4 Rb2+ 48. Kg3 Bf5 49. Nc3 Kf8 50. a6 bxa6 51. Rxa6 Rc2 52. Ra3 f6 53. h4 h5 54. Rb3 Kf7 55. Ra3 Rd2 56. Ra4 Rd3 57. Ne2 Bg4 58. Ng1 Bd7 59. Rc4 Rd2 60. Rb4 e5 61. Rb6 g5 62. Rb4 f5 0-1

[Event "Tambov Korensky Memorial 20th"]
[Site "Tambov"]
[Date "2011.08.20"]
[Round "1"]
[White "Sychev, Vitaly"]
[Black "Vyaznikov, Sergey O"]
[Result "1-0"]
[WhiteElo "2061"]
[BlackElo "2306"]
[PlyCount "143"]
[EventDate "2011.08.20"]
[EventType "swiss"]
[EventRounds "9"]
[EventCountry "RUS"]
[SourceTitle "CBM 144 Extra"]
[Source "ChessBase"]
[SourceDate "2011.10.28"]
[SourceVersion "1"]
[SourceVersionDate "2011.10.28"]
[SourceQuality "1"]

1. d4 e6 2. e4 d5 3. Nd2 Nc6 4. Ngf3 Nf6 5. e5 Nd7 6. Bb5 a6 7. Bxc6 bxc6 8. 0-0 c5 9. c4 Bb7 10. cxd5 Bxd5 11. dxc5 Nxc5 12. Qe2 Be7 13. b3 0-0 14. Ba3 Nd7 15. Bxe7 Qxe7 16. Rac1 Rfc8 17. Rc2 Qb4 18. Rfc1 Qb7 19. Nc4 a5 20. Nb2 h6 21. Na4 Nb6 22. Nc5 Qa7 23. Nd4 c6 24. Ne4 Nd7 25. Nxc6 Bxc6 26. Rxc6 Rxc6 27. Rxc6 Nxe5 28. Rc5 f6 29. Qc2 Rd8 30. Rc8 Qd7 31. Rxd8+ Qxd8 32. Qd2 Qc7 33. h3 Kf7 34. Nd6+ Ke7 35. Nc4 Nxc4 36. bxc4 Qc5 37. Qc3 e5 38. a3 Ke6 39. Qb3 h5 40. g3 g5 41. Kg2 Qc6+ 42. Kg1 Kd6 43. Qc3 Qc5 44. Qd3+ Qd4 45. Qb3 Qc5 46. Qb8+ Ke7 47. Qb7+ Ke6 48. a4 Qxc4 49. Qb6+ Kf5 50. Qxa5 Qc1+ 51. Kg2 Qc6+ 52. Kg1 h4 53. gxh4 gxh4 54. Qb4 Qc1+ 55. Kg2 e4 56. Qb5+ Kf4 57. Qb8+ Kf5 58. Qb5+ Kf4 59. Qh5 Qc6 60. Qxh4+ Ke5 61. Qg3+ Ke6 62. Qb3+ Ke7 63. Qb5 Qe6 64. a5 Qg8+ 65. Kh2 Qa2 66. Qb6 Qd2 67. Qc5+ Ke6 68. a6 f5 69. a7 Qf4+ 70. Kg1 Qg5+ 71. Kf1 Qd8 72. Qc6+ 1-0